000 00344 a2200169 4500
001 186681
020 _a978-85-260-1592-0
040 _cMagnum
100 _aFrança, Mary
240 1 0 _aBicho-papão
_lpor
245 1 0 _aBicho-papão
300 _a20
362 0 _a2011
440 1 _aGlobal
697 _aLITERATURA INFANTIL
942 _cBK
999 _c186681
_d186681